| 000 | 01051nam a22003137a 4500 | ||
|---|---|---|---|
| 001 | 6273 | ||
| 003 | FISKH | ||
| 005 | 20251126132301.0 | ||
| 008 | 250408b cb ||||| |||| 00| 0 eng d | ||
| 020 | _a9780439500463 | ||
| 040 |
_aDLC _cDLC _dDLC _beng |
||
| 051 | _aPZ7.B1135 T | ||
| 082 | _a813.54 | ||
| 100 | 1 |
_aBabbitt, Natalie _d(1932–2016) |
|
| 245 | 1 | 0 |
_aTuck everlasting / _cNatalie Babbitt. |
| 250 | _aThis edition first published in 1975 | ||
| 260 |
_aNew York : _bScholastic, _c1975. |
||
| 300 |
_a139 pages : _c18 cm |
||
| 505 | _aR | ||
| 520 | _aThe Tuck family is confronted with an agonizing situation when they discover that a ten-year-old girl and a malicious stranger now share their secret about a spring whose water prevents one from ever growing any older. | ||
| 521 | 8 |
_a770
_bLexile |
|
| 521 | 8 |
_aR
_bRaz-Plus |
|
| 650 | 1 |
_aImmortality _vFiction. |
|
| 650 | 1 |
_aAging _vFiction. |
|
| 650 | 1 |
_aSecrets _vFiction. |
|
| 906 |
_a7 _bcbc _corignew _d1 _eocip _f19 _gy-gencatlg |
||
| 942 |
_2ddc _cBK _n0 |
||
| 999 |
_c6273 _d6273 |
||